000 01036nam a22002897i 4500
003 DO-SdBNP
005 20240703145917.0
007 ta
008 221117b2022 dr a|||| |||| 00| 0 spa d
020 _a9788560755324
040 _aDO-SdBNP
_bspa
_cBNPHU4
_erda
082 4 _aRD863.44
_bM516e
_222
100 _925501
_aMejía, Manuel Antonio,
_d1967-
_eautor
245 1 0 _aEl hombre que perseguía su sombra :
_bnovela /
_cManuel Antonio Mejía ; prólogo Manuel Recio Pérez.
264 1 _aSanto Domingo :
_bFotomecánica Cipriano,
_c2022.
300 _a352 páginas :
_bilustraciones ;
_c23 cm.
336 _2rdacontent
_atexto
_btxt
337 _2rdamedia
_asin mediación
_bn
338 _2rdacarrier
_avolumen
_bnc
500 _aIncluye datos biográficos del autor en la contracubierta
590 _aInventariado, 2022/BT
650 4 _aNovela dominicana
_9223
650 4 _aLiteratura dominicana
700 1 _aRecio Pérez, Manuel,
_eprólogo
_982838
910 _aBtavárez/Validado. Control de calidad MFF
942 _2ddc
_cLBS1
999 _c52963
_d52963